LEADER 01022nam0-22003491i-450- 001 990005378850403321 005 20110411124050.0 035 $a000537885 035 $aFED01000537885 035 $a(Aleph)000537885FED01 035 $a000537885 100 $a19990604g19611965km-y0itay50------ba 101 1 $aita$ceng 105 $aaf------001-- 200 1 $aNascita della religione$fEdwin Oliver James$gtraduzione di Roberto Bosi 210 $aMilano$cIl Saggiatore$d1961 215 $a379 p.$cill.$d23 cm 225 1 $a<>Portolano$v1 454 0$12001$aPrehistoric religion$926134 610 0 $aRiti e cerimonie$aPreistoria 676 $a203.8 700 1$aJames,$bEdwin Oliver$0159816 702 1$aBosi,$bRoberto 801 0$aIT$bUNINA$gRICA$2UNIMARC 901 $aBK 912 $a990005378850403321 952 $a203.8 JAM 1 BIS$bARCH. 12306$fNAP03 952 $a203.8 JAM 1$bIst.st.fil. 4603$fFLFBC 959 $aFLFBC 959 $aNAP03 996 $aPrehistoric religion$926134 997 $aUNINA LEADER 01256nam 2200421 450 001 9910798718003321 005 20230803214352.0 010 $a93-86107-59-7 035 $a(CKB)3710000000897626 035 $a(MiAaPQ)EBC4699819 035 $a(EXLCZ)993710000000897626 100 $a20161018h20142014 uy 0 101 0 $aeng 135 $aurcnu|||||||| 181 $2rdacontent 182 $2rdamedia 183 $2rdacarrier 200 10$aIntroductory head & neck imaging /$fEugene Yu, Lalitha Shankar 205 $aFirst edition. 210 1$aNew Delhi, [India] :$cJaypee Brothers Medical Publishers (P) Ltd,$d2014. 210 4$dİ2014 215 $a1 online resource (692 pages) $cillustrations 311 $a93-5152-207-5 320 $aIncludes bibliographical references at the end of each chapters and index. 606 $aHead$xRadiography 606 $aNeck$xRadiography 615 0$aHead$xRadiography. 615 0$aNeck$xRadiography. 676 $a617.5107572 700 $aYu$b Eugene$01172304 702 $aShankar$b Lalitha 801 0$bMiAaPQ 801 1$bMiAaPQ 801 2$bMiAaPQ 906 $aBOOK 912 $a9910798718003321 996 $aIntroductory head & neck imaging$93845214 997 $aUNINA